Monetary Economics And (Record no. 36051)

MARC details
000 -LEADER
fixed length control field 00411nam a22001577a 4500
005 - DATE AND TIME OF LATEST TRANSACTION
control field 20240704135925.0
008 - FIXED-LENGTH DATA ELEMENTS--GENERAL INFORMATION
fixed length control field 240704b |||||||| |||| 00| 0 eng d
082 ## - DEWEY DECIMAL CLASSIFICATION NUMBER
Classification number 330
Item number HAM-M
100 ## - MAIN ENTRY--AUTHOR
Author Name Hamid, Shahid
245 ## - TITLE STATEMENT
Title Monetary Economics And
Remainder of title Public Finance/
Statement of responsibility, etc. A.Hamid Shahid
260 ## - PUBLICATION, DISTRIBUTION, ETC.
Place of Publication Lahore;
Name of publisher, distributor, etc. Ilmi Kitab Khana;
Date of publication, distribution, etc. 2004
300 ## - PHYSICAL DESCRIPTION
Pages 460 p.:
650 ## - SUBJECT ADDED ENTRY--TOPICAL TERM
Subject / Department Economics
300 ## - PHYSICAL DESCRIPTION
-- 23 cm.
952 ## - LOCATION AND ITEM INFORMATION (KOHA)
-- 0
-- 0
Holdings
Lost status Damaged status Collection code Permanent Location Current Location Shelving Location Date acquired Full Call Number Accession No./Barcode Date last seen item type Koha item type
    Economics/Commerce Superior Information Resource Center (SIRC) Superior University - City Campus Superior Information Resource Center (SIRC) Superior University - City Campus Economics 07/04/2024 330 HAM-M 2004. 6082 07/04/2024 BOOK BOOK

Powered by Koha